|
|
|
|
| LEADER |
00000nas a2200000 a 4500 |
| 001 |
ssj0005093 |
| 003 |
WaSeSS |
| 005 |
20200512172242.0 |
| 006 |
m d |
| 007 |
cr n |
| 008 |
000818c20009999nyuqr pss 0 a0eng c |
| 010 |
|
|
|a 2001229189
|
| 016 |
7 |
|
|a 2010402-9
|2 DE-600
|
| 016 |
7 |
|
|a 013089612
|2 Uk
|
| 022 |
|
|
|a 1438-7948
|l 1438-793X
|y 1438-793X
|
| 035 |
|
|
|a (WaSeSS)ssj0005093
|
| 040 |
|
|
|a OH1
|b eng
|e pn
|c OH1
|d TJC
|d FUG
|d OCLCQ
|d MUQ
|d OCL
|d OCLCQ
|d BUF
|d OCLCF
|d OCLCQ
|d OCLCO
|d OCLCQ
|d DLC
|d Z5A
|d OCLCO
|d OCLCQ
|d OCLCA
|d AU@
|d OCLCO
|d WYU
|d UKMGB
|d AUD
|d VT2
|d U3W
|d NJT
|d OCLCO
|d OCLCA
|d SCB
|d OCLCA
|d WaSeSS
|
| 042 |
|
|
|a pcc
|
| 050 |
0 |
0 |
|a QH447
|
| 060 |
0 |
0 |
|a W1
|b FU518G
|
| 082 |
0 |
4 |
|a 572.86
|
| 210 |
0 |
|
|a Funct. integr. genomics
|b (Internet)
|
| 222 |
|
0 |
|a Functional & integrative genomics
|b (Internet)
|
| 245 |
0 |
0 |
|a Functional & integrative genomics
|h [electronic resource].
|
| 246 |
3 |
|
|a Functional and integrative genomics
|
| 260 |
|
|
|a [New York] :
|b Springer-Verlag,
|c 2000-
|
| 310 |
|
|
|a Four issues yearly,
|b 2003-
|
| 321 |
|
|
|a Bimonthly,
|b 2002
|
| 362 |
0 |
|
|a Vol. 1, issue 1 (May 8, 2000)-
|
| 500 |
|
|
|a Title from general information screen (viewed June 12, 2001).
|
| 506 |
|
|
|a License restrictions may limit access.
|
| 515 |
|
|
|a Some issues combined.
|
| 538 |
|
|
|a Mode of access: World Wide Web.
|
| 588 |
|
|
|a Latest issue consulted: Vol. 17, issue 2/3 (May 2017) (Springer Link, viewed May 31, 2017).
|
| 650 |
|
0 |
|a Genomes
|v Periodicals.
|
| 650 |
|
0 |
|a Gene mapping
|v Periodicals.
|
| 650 |
|
0 |
|a Nucleotide sequence
|v Periodicals.
|
| 650 |
|
6 |
|a Génomes
|v Périodiques.
|
| 650 |
|
6 |
|a Cartes chromosomiques
|v Périodiques.
|
| 650 |
|
6 |
|a Séquence nucléotidique
|v Périodiques.
|
| 650 |
|
7 |
|a Gene mapping.
|2 fast
|0 (OCoLC)fst00939625
|
| 650 |
|
7 |
|a Genomes.
|2 fast
|0 (OCoLC)fst00940225
|
| 650 |
|
7 |
|a Nucleotide sequence.
|2 fast
|0 (OCoLC)fst01041106
|
| 650 |
|
2 |
|a Base Sequence.
|
| 650 |
|
2 |
|a Chromosome Mapping.
|
| 650 |
|
2 |
|a Genome.
|
| 655 |
|
0 |
|a Electronic journals.
|
| 776 |
0 |
8 |
|i Print version:
|t Functional & integrative genomics
|x 1438-793X
|w (DLC) 00253095
|w (OCoLC)44272173
|
| 850 |
|
|
|a DLC
|a FU
|
| 856 |
4 |
0 |
|z Full text available from Research Library: 04/01/2002 to 1 year ago
|u https://search.proquest.com/publication/26871
|